| 000 | 00552nam a2200181Ia 4500 | ||
|---|---|---|---|
| 005 | 20250423100013.0 | ||
| 008 | 250422s9999 xx 000 0 und d | ||
| 020 | _a9789350564257 | ||
| 050 | _aZ 678.9.A4 .S56/ | ||
| 100 | _aSingh, Pankaj Kumar | ||
| 245 | 0 | _aLibrary and Information technology | |
| 260 | _aNew Delhi | ||
| 260 | _bDiscovery Publishing House Pvt. Ltd. | ||
| 260 | _c2017 | ||
| 300 | _a296 p | ||
| 650 | _a Books in library and information science ; 56 Books in library and information science ; v. 56. | ||
| 942 | _cBK | ||
| 999 |
_c31995 _d31995 |
||